000 00840nam a2200253Ia 4500
003 OSt
005 20220923223714.0
006 a|||||r|||| 00| 0
007 ta
008 220922b |||||||| |||| 00| 0 hin d
024 _a220,368
037 _cTextual
040 _aARTS
_cARTS
_bhin
041 _2hin
_ahin
082 _aO152,1M35,1:g, P2
100 _aशर्मा, मीना
245 0 _aरामसतसाई और उसका आलोचनात्मक अध्ययन
246 _aRāmasatasāī aur usakā ālochanātmak adhyayana
260 _aदिल्ली
_b इशिका
_c2002
300 _a259i`
_ccm.
650 _aहिन्दी साहित्य
_9156264
942 _hO152,1M35,1:g, P2
_cTEXL
_2CC
999 _c366849
_d366849